| 000 | 00447nam a2200157Ia 4500 | ||
|---|---|---|---|
| 999 |
_c19718 _d19718 |
||
| 003 | OSt | ||
| 005 | 20200701121825.0 | ||
| 008 | 190216s9999||||xx |||||||||||||| ||und|| | ||
| 040 | _coclc | ||
| 082 |
_a901 _bCOL/I |
||
| 100 |
_aCollingwood, R G _92355 |
||
| 245 | 4 |
_aThe Idea Of History / _cH G Collingwood |
|
| 260 |
_bOxford University Press, _c1993. _aDelhi: |
||
| 300 | _a339p | ||
| 942 |
_cBK _2ddc _h901 _iCOL/I _k901 _mCOL/I |
||